| 000 | 00572nam a2200217 a 4500 | ||
|---|---|---|---|
| 001 | BRL_158 | ||
| 005 | 20190320210619.0 | ||
| 008 | 760525s1958 nyuac#####---#000-0#eng-# | ||
| 040 |
_aDLC _cTNJ _dOCoLC |
||
| 041 | _aeng | ||
| 044 | _anyu | ||
| 050 | 4 |
_aND553.P5 _b.D86 1958 |
|
| 100 | 1 |
_aDuncan, David Douglas _919269 |
|
| 245 | 1 | 0 |
_aThe private world of Pablo Picasso _cDavid Douglas Duncan. |
| 260 |
_aNueva York _bHarper _c1958 |
||
| 300 |
_a171 p. _bil. _c29 cm. |
||
| 500 | _aAu191 | ||
| 600 | 1 | 4 |
_aPicasso, Pablo _d1881-1973 _94496 |
| 902 | _aGRL | ||
| 942 |
_2lcc _cB |
||
| 999 |
_c8971 _d8971 |
||